[Event "Intermat 33rd"]
[Site "Redmond"]
[Date "2024.04.20"]
[Round "1.25"]
[White "Yu, Jason"]
[Black "Harms, Reece"]
[Result "1-0"]
[WhiteElo "2247"]
[BlackElo "1949"]
[EventType "team-match"]
[EventRounds "2"]
[EventCountry "USA"]

1. e4 e5 2. Nf3 Nc6 3. Bc4 Nf6 4. Ng5 d5 5. exd5 Na5 6. Bb5+ c6 7. dxc6 bxc6
8. Qf3 cxb5 9. Qxa8 Qc7 10. O-O Nc6 11. Nc3 a6 12. d4 exd4 13. Bf4 Qd7 14.
Nce4 Nxe4 15. Nxe4 Be7 16. Bd6 O-O 17. Bxe7 Nxe7 18. Qb8 Qc6 19. Qe5 Nf5 20.
Rfe1 Qxc2 21. Rac1 Qxb2 22. Ng5 Qb4 23. a3 Qd2 24. Nf3 Qa5 25. Rxc8 Qxe1+ 26.
Nxe1 Rxc8 27. Qxf5 Rc1 28. Kf1 {#r} 1-0

[Event "Intermat 33rd"]
[Site "Redmond"]
[Date "2024.04.20"]
[Round "1.26"]
[White "Chang, Eddie"]
[Black "Imoo, Joshua"]
[Result "1-0"]
[WhiteElo "1825"]
[BlackElo "1694"]
[EventType "team-match"]
[EventRounds "2"]
[EventCountry "USA"]

1. d4 d5 2. c4 e6 3. Nc3 Nf6 4. cxd5 Nxd5 5. e4 Nxc3 6. bxc3 Be7 7. Nf3 O-O 8.
h4 c5 9. Rb1 cxd4 10. cxd4 Nc6 11. h5 Bb4+ 12. Bd2 Bxd2+ 13. Qxd2 Qa5 14. Bb5
Qxd2+ 15. Kxd2 Bd7 16. Ke3 a6 17. Bxc6 Bxc6 18. Ne5 Bb5 19. h6 g6 20. a4 Bc6
21. Nxc6 bxc6 22. Rhc1 Rab8 23. Rxb8 Rxb8 24. Rxc6 Ra8 25. Kf4 a5 26. Ke5 Kf8
27. Kf6 Ke8 28. Rc7 Ra6 29. Re7+ Kf8 30. Rxf7+ Kg8 31. Rg7+ Kh8 32. e5 g5 33.
Re7 Ra8 34. Kf7 g4 35. Re8+ Rxe8 36. Kxe8 {#r} 1-0

[Event "Intermat 33rd"]
[Site "Redmond"]
[Date "2024.04.20"]
[Round "2.1"]
[White "Zhang, Alvin"]
[Black "Skyler, Qin"]
[Result "1-0"]
[WhiteElo "500"]
[BlackElo "862"]
[EventType "team-match"]
[EventRounds "2"]
[EventCountry "USA"]

1. e4 e5 2. Nf3 Nc6 3. Bc4 Bc5 4. O-O Nf6 5. Ng5 O-O 6. Bxf7+ Rxf7 7. Nxf7
Kxf7 8. Nc3 d6 9. Qe1 Nb4 10. Rb1 Nxc2 11. Qd1 Nb4 12. Qb3+ Be6 13. Qa3 Nxa2
14. Qa4 Nb4 15. b3 Bd7 16. Qa3 Nd3 17. Qa2 Nxc1 18. Rbxc1 b5 19. b4+ Be6 20.
Qa5 Bb6 21. Qxb5 a6 22. Qa4 Bc4 23. Nb1 Bxf1 24. Rxf1 Nxe4 25. Qb3+ d5 26.
Qf3+ Kg8 27. Rc1 Bxf2+ 28. Kh1 Qh4 29. Rxc7 Bg3 30. Qf7+ Kh8 31. Qxg7# 1-0

[Event "Intermat 33rd"]
[Site "Redmond"]
[Date "2024.04.20"]
[Round "2.2"]
[White "He, Ron"]
[Black "Sankrithi, Vivaan"]
[Result "1-0"]
[WhiteElo "668"]
[BlackElo "848"]
[EventType "team-match"]
[EventRounds "2"]
[EventCountry "USA"]

1. d4 b6 2. e4 Bb7 3. Nc3 e6 4. Bf4 Bb4 5. Bd3 Nf6 6. Nge2 Nxe4 7. Bxe4 Bxe4
8. a3 Bxc3+ 9. Nxc3 Bxg2 10. Rg1 Bb7 11. Rxg7 Qf6 12. Be5 Qf5 13. Rxf7 Kxf7
14. Bxh8 Nc6 15. Be5 Nxe5 16. dxe5 Qxe5+ 17. Ne2 Rg8 18. Qxd7+ Kf6 19. Kd2
Qg5+ 20. f4 Qg2 21. Qxc7 Bf3 22. Qe5+ Kf7 23. Re1 Rd8+ 24. Kc1 Rc8 25. Nc3 Rd8
26. Qc7+ Kg6 27. Qxd8 Kh5 28. Qg5+ Qxg5 29. fxg5 Kxg5 30. Rxe6 Kf5 31. Re7 h5
32. Rxa7 h4 33. Rh7 Kg4 34. Na4 Be4 35. Rxh4+ Kxh4 36. Nxb6 Kg5 37. a4 Kf5 38.
a5 Kg4 39. a6 Kh3 40. a7 Kxh2 41. a8=R Bxa8 42. Nxa8 Kg3 43. b4 Kf4 44. b5 Ke5
45. c4 Kd6 46. b6 Kc6 47. c5 Kb7 48. Nc7 Kc6 49. Kb2 Kb7 50. Kb3 Kc6 51. Nd5
Kb7 52. Ka4 Kc6 53. Ka5 Kb7 54. Kb5 Kc8 55. c6 Kb8 56. Nc7 Kc8 57. b7+ Kb8 58.
Na6+ Ka7 59. b8=Q# 1-0

[Event "Intermat 33rd"]
[Site "Redmond"]
[Date "2024.04.20"]
[Round "2.3"]
[White "Lu, Karson"]
[Black "Wang, Harvey"]
[Result "1-0"]
[WhiteElo "913"]
[BlackElo "1157"]
[EventType "team-match"]
[EventRounds "2"]
[EventCountry "USA"]

1. d4 d5 2. Bf4 Nf6 3. e3 Bf5 4. c3 e6 5. Nf3 Bd6 6. Bg3 Nc6 7. Bb5 O-O 8.
Bxc6 bxc6 9. Qa4 Qd7 10. Ne5 Bxe5 11. Bxe5 Ng4 12. Bg3 e5 13. h3 Nf6 14. Bxe5
Ne8 15. Nd2 Nd6 16. O-O-O Nb5 17. g4 Bg6 18. f3 Rfe8 19. Rhe1 f6 20. Bf4 Rab8
21. e4 dxe4 22. fxe4 Rb7 23. Nb3 Qe7 24. Nc5 Rb6 25. Qc4+ Bf7 26. d5 cxd5 27.
exd5 Qd8 28. Ne6 Bxe6 29. dxe6 Qc8 30. e7+ Kh8 31. a4 g5 32. Bg3 Nxc3 33. Qxc3
Qa8 34. Kb1 Kg7 35. Qxc7 {#r} 1-0

[Event "Intermat 33rd"]
[Site "Redmond"]
[Date "2024.04.20"]
[Round "2.4"]
[White "Rao, Che (Jimmy)"]
[Black "Wang, Hengsheen"]
[Result "1-0"]
[WhiteElo "703"]
[BlackElo "1107"]
[EventType "team-match"]
[EventRounds "2"]
[EventCountry "USA"]

1. e4 e5 2. Nf3 Nc6 3. c3 Nf6 4. d4 d6 5. d5 Ne7 6. Be2 g6 7. O-O Bg7 8. Bd3
O-O 9. Be3 Bg4 10. h3 Bd7 11. Qd2 c6 12. c4 c5 13. Nc3 Re8 14. Bh6 Bxh6 15.
Qxh6 Kh8 16. Ng5 Kg8 17. Rae1 Qc7 18. Re3 Qd8 19. Rf3 Nc8 20. Nb5 Bxb5 21.
cxb5 Qb6 22. Rxf6 Re7 23. Qxh7+ Kf8 24. Qh8# 1-0

[Event "Intermat 33rd"]
[Site "Redmond"]
[Date "2024.04.20"]
[Round "2.5"]
[White "Zhu, Aiden"]
[Black "Evin, Terrick"]
[Result "0-1"]
[WhiteElo "1044"]
[BlackElo "1518"]
[EventType "team-match"]
[EventRounds "2"]
[EventCountry "USA"]

1. e4 e6 2. d4 d5 3. e5 c5 4. Bb5+ Nc6 5. c3 Qb6 6. Qa4 Bd7 7. Nf3 a6 8. Na3
Rc8 9. Bxc6 Bxc6 10. Qb3 Qxb3 11. axb3 cxd4 12. cxd4 Bb4+ 13. Bd2 Bxd2+ 14.
Kxd2 Ne7 15. Nc2 O-O 16. h4 f6 17. Rae1 h6 18. h5 Bd7 19. Rhf1 fxe5 20. Nxe5
Bb5 21. Nd3 Bxd3 22. Kxd3 Rc6 23. Ne3 Rb6 24. Ng4 Rc8 25. Kd2 Nf5 26. Ne5 Nxd4
27. Ng6 Nxb3+ 28. Kd3 Nc5+ 29. Kd2 Rxb2+ 30. Ke3 Rb3+ 31. Kd4 Rd3+ 32. Ke5 Kf7
33. Kd6 Rc6+ 34. Ke5 Nd7+ 35. Kf4 Rc4+ 36. Re4 Rxe4# 0-1

[Event "Intermat 33rd"]
[Site "Redmond"]
[Date "2024.04.20"]
[Round "2.6"]
[White "Geng, Evan"]
[Black "Yun, Daniel D."]
[Result "0-1"]
[WhiteElo "1128"]
[BlackElo "1218"]
[EventType "team-match"]
[EventRounds "2"]
[EventCountry "USA"]

1. d4 d5 2. c4 e6 3. Nc3 Nf6 4. Nf3 a6 5. Bg5 Be7 6. Qc2 O-O 7. e3 h6 8. Bh4
Nbd7 9. Bd3 Re8 10. O-O c6 11. cxd5 exd5 12. Rab1 Bd6 13. b4 b5 14. a3 Nb6 15.
Rbe1 Bg4 16. Nd2 Nbd7 17. f3 Be6 18. e4 Qb6 19. e5 Bxe5 20. Bf2 Bxd4 21. Bxd4
Qxd4+ 22. Kh1 Qb6 23. f4 Ng4 24. h3 Ne3 25. Qb1 Nxf1 26. Rxf1 Nf6 27. Nf3 Nh5
28. Qc1 Ng3+ 29. Kh2 Nxf1+ 30. Qxf1 Qc7 31. g3 Qd7 32. Ne5 Qc8 33. Ne2 f6 34.
Nf3 a5 35. g4 axb4 36. axb4 Qa6 37. f5 Bd7 38. Kg3 Qa1 39. Qxa1 Rxa1 40. Kf2
Ra3 41. Bb1 Ra1 42. Bd3 Ra4 43. Kg3 Rxb4 44. Ned4 Rxd4 45. Nxd4 Re3+ 46. Kf4
Rxd3 47. Nf3 Rxf3+ 48. Kxf3 Kf7 49. Ke3 c5 50. h4 Ke7 51. Kd3 b4 52. Kc2 Ba4+
53. Kb2 c4 54. Ka2 d4 55. Kb2 d3 56. Ka2 d2 57. Kb2 d1=Q 58. g5 Qc2+ 59. Ka1
b3 60. gxf6+ Kd7 61. fxg7 Qa2# 0-1

[Event "Intermat 33rd"]
[Site "Redmond"]
[Date "2024.04.20"]
[Round "2.7"]
[White "Cui, Sky"]
[Black "Chen, Andy"]
[Result "1-0"]
[WhiteElo "1193"]
[BlackElo "1570"]
[EventType "team-match"]
[EventRounds "2"]
[EventCountry "USA"]

1. e4 c5 2. Nf3 d6 3. d4 cxd4 4. Nxd4 Nf6 5. Nc3 g6 6. f3 Bg7 7. Be3 O-O 8.
Qd2 Nc6 9. O-O-O Bd7 10. g4 Rc8 11. h4 h5 12. g5 Nh7 13. f4 Nxd4 14. Bxd4 Qa5
15. Bxg7 Kxg7 16. Bh3 Bxh3 17. Rxh3 Rc4 18. Qd3 Rfc8 19. a3 Nf8 20. Rh2 Kg8
21. Nd5 Qd8 22. f5 Nd7 23. Rf1 Ne5 24. Qb3 b6 25. f6 exf6 26. Nxf6+ Kg7 27.
Kb1 Qc7 28. Rc1 Qc6 29. Nd5 Qb7 30. Nf6 b5 31. Rd2 R8c6 32. Ne8+ Kf8 33. Nxd6
Rxd6 34. Rxd6 Rxe4 35. Rcd1 Ke7 36. R6d4 a6 37. Qd5 Qxd5 38. Rxd5 Nf3 39. Rd7+
Kf8 40. Rd8+ Re8 41. Rxe8+ Kxe8 42. Rh1 Ke7 43. c3 Ke6 44. b3 Kf5 45. Kc2 Kg4
46. c4 bxc4 47. bxc4 Nxh4 48. Rxh4+ Kxh4 49. c5 Kg3 50. c6 h4 51. c7 h3 52.
c8=Q h2 53. Qc6 Kf2 54. Qh1 Kg3 55. Kb3 Kg4 56. Qxh2 Kxg5 57. Qg3+ Kf5 58.
Qf3+ Ke6 59. Qg4+ Ke5 60. Qg5+ Ke6 61. Ka4 f5 62. Qxg6+ Ke5 63. Qg3+ f4 64.
Qf2 Ke4 65. Ka5 f3 66. Kxa6 Kd5 67. Kb6 Kc4 68. a4 Kb4 69. a5 Kc4 70. a6 Kd5
71. a7 Kd6 72. a8=Q Ke5 73. Qe3+ {#r} 1-0

[Event "Intermat 33rd"]
[Site "Redmond"]
[Date "2024.04.20"]
[Round "2.8"]
[White "Li, Moses"]
[Black "Bharadwaj, Samarth"]
[Result "0-1"]
[WhiteElo "1339"]
[BlackElo "1406"]
[EventType "team-match"]
[EventRounds "2"]
[EventCountry "USA"]

1. e4 e5 2. Nf3 Nc6 3. d4 exd4 4. Bc4 Bc5 5. c3 d6 6. cxd4 Bb4+ 7. Bd2 Bxd2+
8. Nbxd2 Nf6 9. h3 O-O 10. O-O h6 11. a3 Nxe4 12. Nxe4 d5 13. Ned2 dxc4 14.
Nxc4 Be6 15. Ne3 Bd5 16. Nxd5 Qxd5 17. Qd2 Rad8 18. Rad1 Rfe8 19. Rfe1 Rxe1+
20. Qxe1 Kf8 21. Qc3 Re8 22. Qc5+ Qxc5 23. dxc5 Re2 24. Rd2 Rxd2 25. Nxd2 Ke7
26. Kf1 Ke6 27. Ke2 Kd5 28. Kd3 Ne5+ 29. Kc3 Kxc5 30. f4 Ng6 31. g3 Ne7 32.
b4+ Kb5 33. Kb3 Kc6 34. Kc4 b5+ 35. Kd4 Nf5+ 36. Ke5 Nxg3 37. Nf3 Ne2 38. Nh4
Nxf4 39. Kxf4 g5+ 40. Kg4 gxh4 41. Kxh4 Kd6 42. Kh5 Ke5 43. Kxh6 f5 44. Kg5 f4
45. Kg4 Ke4 46. h4 f3 47. Kg3 Ke3 48. h5 f2 49. Kg2 Ke2 50. h6 f1=Q+ 51. Kg3
Qg1+ 52. Kf4 Qc1+ 53. Ke5 Qxh6 54. Kd5 a5 55. Kc5 axb4 56. axb4 Qb6+ 57. Kd5
Qd6+ 58. Ke4 Kd2 59. Kf3 Qe5 60. Kg4 Qf6 61. Kh5 Qg7 62. Kh4 Ke3 63. Kh5 Kf3
64. Kh4 Qh6# 0-1

[Event "Intermat 33rd"]
[Site "Redmond"]
[Date "2024.04.20"]
[Round "2.9"]
[White "Yin, Aiden"]
[Black "Merriman, Dann"]
[Result "1/2-1/2"]
[WhiteElo "1544"]
[BlackElo "1638"]
[EventType "team-match"]
[EventRounds "2"]
[EventCountry "USA"]

1. e4 e6 2. d4 d5 3. Nc3 Bb4 4. e5 c5 5. Bd2 cxd4 6. Nb5 Bxd2+ 7. Qxd2 Ne7 8.
Nd6+ Kf8 9. g4 Ng6 10. Qxd4 Nc6 11. Qc5 Qe7 12. Nf3 Ngxe5 13. Nxe5 Nxe5 14.
Be2 f6 15. Qa3 Nf7 16. Nb5 Qxa3 17. Nxa3 Ke7 18. O-O-O Bd7 19. Rhe1 Rhe8 20.
f4 Bc6 21. Bf3 Rad8 22. c3 Rd6 23. Nc2 Kf8 24. Nb4 a5 25. Nc2 e5 26. fxe5 fxe5
27. Ne3 Red8 28. Rf1 R8d7 29. Bg2 d4 30. Bxc6 Rxc6 31. Nc2 Rdc7 32. Rf2 dxc3
33. bxc3 Rxc3 34. Kb2 Ke8 35. Na3 R3c6 36. Nc2 b5 37. Ne3 b4 38. Nf5 g6 39.
Ne3 a4 40. Nd5 Rd7 41. Nxb4 Rb7 42. a3 Rc4 43. h3 Ng5 44. Re2 e4 45. h4 Nf3
46. h5 gxh5 47. gxh5 Ne5 48. Ka2 Nf3 49. Rd3 Kf7 50. Rd5 Ke6 51. Ra5 Ne5 52.
Ra8 Kf6 53. Nd5+ Ke6 54. Nf4+ Kf5 55. Nd5 Rd4 56. Nb4 Nd3 57. Rf8+ Kg4 58.
Rg2+ Kh3 59. Rfg8 Nxb4+ 60. axb4 Rd3 61. Rg1 Rd2+ 62. Ka3 Re7 63. R1g3+ Kh2
64. R3g4 Kh3 65. Rg3+ Kh2 66. R3g4 Kh1 67. Rg1+ Kh2 68. R1g4 Kh3 {#d} 1/2-1/2

[Event "Intermat 33rd"]
[Site "Redmond"]
[Date "2024.04.20"]
[Round "2.10"]
[White "Yin, Andrew"]
[Black "Zhou, Yuchen"]
[Result "1/2-1/2"]
[WhiteElo "1541"]
[BlackElo "1765"]
[EventType "team-match"]
[EventRounds "2"]
[EventCountry "USA"]

1. e4 c5 2. Nf3 d6 3. d4 cxd4 4. Nxd4 Nf6 5. Nc3 a6 6. Be3 b5 7. a3 Bb7 8. f3
Nbd7 9. Qd2 g6 10. O-O-O Bg7 11. g4 Nb6 12. h4 h5 13. gxh5 Nxh5 14. Rg1 Rc8
15. Kb1 Nc4 16. Bxc4 Rxc4 17. f4 Nxf4 18. b3 Rxc3 19. Bxf4 Rc8 20. h5 Bxd4 21.
Qxd4 Rxh5 22. Qg7 Bxe4 23. Rd2 Qc7 24. Qg8+ Kd7 25. Qxf7 Bxc2+ 26. Ka2 Rf5 27.
Bxd6 Rxf7 28. Bxc7+ Kxc7 29. Rxc2+ Kb7 30. Rxc8 Kxc8 31. Rxg6 Rf6 32. Rg5 Kd7
33. Kb2 Kd6 34. a4 e5 35. axb5 axb5 36. Kc3 Rf4 37. Rg8 b4+ 38. Kd3 Ke6 39.
Re8+ Kf5 40. Rf8+ Kg4 41. Re8 Kf5 42. Rf8+ Kg4 43. Re8 Kf5 {#d} 1/2-1/2

[Event "Intermat 33rd"]
[Site "Redmond"]
[Date "2024.04.20"]
[Round "2.11"]
[White "Yang, Larry"]
[Black "Yondon, Odbayar"]
[Result "1/2-1/2"]
[WhiteElo "1315"]
[BlackElo "1805"]
[EventType "team-match"]
[EventRounds "2"]
[EventCountry "USA"]

1. e4 c6 2. d4 d5 3. Nc3 dxe4 4. Nxe4 Nf6 5. Nxf6+ exf6 6. Nf3 Bf5 7. Bc4 Bd6
8. O-O O-O 9. c3 Qc7 10. h3 Nd7 11. Be3 Kh8 12. Nd2 Rae8 13. Re1 Nb6 14. Bb3
c5 15. dxc5 Bxc5 16. Bxc5 Rxe1+ 17. Qxe1 Qxc5 18. Rd1 h6 19. Qe2 Qe5 20. Re1
Nd7 21. Nc4 Qxe2 22. Rxe2 Nc5 23. Nd6 Be6 24. Bxe6 fxe6 25. b4 Na4 26. Rxe6
Nxc3 27. a4 Nxa4 {#d} 1/2-1/2

[Event "Intermat 33rd"]
[Site "Redmond"]
[Date "2024.04.20"]
[Round "2.12"]
[White "Wu, Bowen"]
[Black "Bharathy Mohan, Aarav"]
[Result "1/2-1/2"]
[WhiteElo "1604"]
[BlackElo "1657"]
[EventType "team-match"]
[EventRounds "2"]
[EventCountry "USA"]

1. d4 Nf6 2. c4 e6 3. Nc3 Bb4 4. Nf3 O-O 5. Bd2 d6 6. a3 Bxc3 7. Bxc3 b6 8. e3
Bb7 9. Bd3 c5 10. O-O Nbd7 11. Qe2 h6 12. Rad1 Qc7 13. Rd2 Rfe8 14. Rfd1 e5
15. dxe5 Nxe5 16. Nxe5 dxe5 17. Bc2 Qc6 18. f3 Qe6 19. Rd6 Qe7 20. Qd2 Bc8 21.
Ba4 Rf8 22. b3 Bf5 {#d} 1/2-1/2

[Event "Intermat 33rd"]
[Site "Redmond"]
[Date "2024.04.20"]
[Round "2.14"]
[White "Liu, Zachary Hankun"]
[Black "Cheng, Selina"]
[Result "1-0"]
[WhiteElo "2188"]
[BlackElo "1591"]
[EventType "team-match"]
[EventRounds "2"]
[EventCountry "USA"]

1. e4 e5 2. Nf3 Nc6 3. Bb5 Bc5 4. O-O d6 5. c3 a6 6. Ba4 b5 7. Bc2 Bg4 8. d3
h6 9. Nbd2 Nf6 10. Re1 O-O 11. Nf1 Qd7 12. Be3 Bxe3 13. Nxe3 Bh5 14. h3 Rab8
15. Qe2 b4 16. Bb3 Nh7 17. g4 Bg6 18. Kh2 Na5 19. Bc2 bxc3 20. bxc3 Nf6 21.
Rg1 Rfe8 22. Nh4 Bh7 23. g5 hxg5 24. Rxg5 Kh8 25. Rag1 g6 26. Qf3 Qe6 27. Re1
Qe7 28. Rgg1 Nh5 29. Nhg2 Qd7 30. Nd5 Re6 31. Qe3 Rb2 32. Qc1 Rb8 33. Qa3 Nb7
34. Bd1 Nf6 35. Nxf6 Rxf6 36. Rgf1 Nc5 37. d4 Nd3 38. Re2 Nf4 39. Nxf4 Rxf4
40. Re3 Rh4 41. Qxa6 Rg8 42. dxe5 Qe6 43. exd6 Qe5+ 44. Rg3 cxd6 45. Bf3 g5
46. Qd3 f6 47. Qd4 Qf4 48. Kg1 Rg6 49. Bg4 Rg7 50. Re1 Re7 51. Rge3 Bg6 52.
Kg2 Kg7 53. f3 Rh8 54. Rd3 Rd8 55. Qe3 f5 56. Qd4+ Kh7 57. Qf6 Rde8 58. Rxd6
Rg7 59. Bh5 Bxh5 60. Qh6+ Kg8 61. Qxh5 Ra8 62. Red1 Rf8 63. Rh6 {#r} 1-0

[Event "Intermat 33rd"]
[Site "Redmond"]
[Date "2024.04.20"]
[Round "2.15"]
[White "Gao, Justin"]
[Black "Verma, Darsh"]
[Result "1-0"]
[WhiteElo "1876"]
[BlackElo "1792"]
[EventType "team-match"]
[EventRounds "2"]
[EventCountry "USA"]

1. e4 e5 2. Nf3 Nc6 3. Bc4 Nf6 4. d3 h6 5. Be3 d6 6. h3 g5 7. Nc3 Na5 8. Bb3
Nxb3 9. axb3 Bg7 10. d4 Qe7 11. dxe5 dxe5 12. Ra5 Nd7 13. Bxa7 b6 14. Qd5 bxa5
15. Qxa8 O-O 16. Qc6 Qd6 17. Qxd6 cxd6 18. O-O Bb7 19. Rd1 Nf6 20. Rxd6 Nxe4
21. Nxe4 Bxe4 22. c4 Rc8 23. Nd2 Bb7 24. Bb6 Bf8 25. Rd7 Bc6 26. Ra7 e4 27. c5
Bg7 28. Bxa5 Bd5 29. b4 Bxb2 30. Rd7 Be6 31. Rd6 Be5 32. Nxe4 Bxd6 33. cxd6
Kg7 34. Nc5 Rxc5 35. bxc5 Bd7 36. g4 Kg6 37. Bd8 f5 38. f3 fxg4 39. fxg4 h5
40. Kf2 h4 41. Ke3 Kh6 42. Be7 {#r} 1-0

[Event "Intermat 33rd"]
[Site "Redmond"]
[Date "2024.04.20"]
[Round "2.16"]
[White "Mok, Erwin Jun-Han"]
[Black "Han, Shuyi"]
[Result "1/2-1/2"]
[WhiteElo "2005"]
[BlackElo "1689"]
[EventType "team-match"]
[EventRounds "2"]
[EventCountry "USA"]

1. d4 d5 2. c4 c6 3. cxd5 cxd5 4. Bf4 Nc6 5. e3 Nf6 6. Nc3 a6 7. Bd3 Bg4 8.
Qb3 Na5 9. Qc2 Rc8 10. f3 Bd7 11. Nge2 e6 12. O-O Be7 13. e4 dxe4 14. fxe4 h6
15. Rac1 b5 16. Qd2 Nc4 17. Bxc4 Rxc4 18. Qd3 O-O 19. e5 Nd5 20. Nxd5 exd5 21.
b3 Rc8 22. Ng3 Qb6 23. Be3 Rxc1 24. Rxc1 Rc8 25. Rxc8+ Bxc8 26. Bd2 Bd7 27. b4
Qc7 28. Qc3 Qxc3 29. Bxc3 Bg5 30. Kf2 Kf8 {#d} 1/2-1/2

[Event "Intermat 33rd"]
[Site "Redmond"]
[Date "2024.04.20"]
[Round "2.17"]
[White "Koo, Minjun"]
[Black "Scollon, Owen"]
[Result "0-1"]
[WhiteElo "1676"]
[BlackElo "1830"]
[EventType "team-match"]
[EventRounds "2"]
[EventCountry "USA"]

} 1. e4 e5 2. Bc4 Nc6 3. Nc3 Nf6 4. d3 Na5 5. Qf3 Nxc4 6. dxc4 c6 7. Bg5 Be7
8. Nge2 d6 9. Ng3 Bg4 10. Qd3 h6 11. Be3 Nh5 12. f3 Nxg3 13. hxg3 Be6 14. Rd1
Qa5 15. O-O O-O 16. f4 Qb4 17. b3 exf4 18. gxf4 Bg4 19. Rd2 f5 20. Bd4 Rae8
21. exf5 Bxf5 22. Qf3 c5 23. Bf2 Bf6 24. Nb1 Be4 25. Qh3 Qb6 26. Rfd1 Bd4 27.
Bxd4 cxd4 28. Kh2 Rxf4 29. Rxd4 Bxg2 30. Qd7 Ref8 31. Qxd6 Qxd6 32. Rxd6 Rf2
33. R1d2 Bc6+ 34. Kg1 Rf1+ 35. Kh2 Rxb1 36. a3 Rh1+ 37. Kg3 Rf3+ 38. Kg2 Rhh3
39. b4 Rfg3+ 40. Kf1 Rh1+ 41. Ke2 Rg2+ 42. Ke3 Rh3+ 43. Kf4 Rh4+ 44. Kf5 Rg5+
{#R} 0-1

[Event "Intermat 33rd"]
[Site "Redmond"]
[Date "2024.04.20"]
[Round "2.18"]
[White "Xu, Justin"]
[Black "Mishra, Abhinav"]
[Result "1-0"]
[WhiteElo "1863"]
[BlackElo "1720"]
[EventType "team-match"]
[EventRounds "2"]
[EventCountry "USA"]

1. e4 c6 2. d4 d5 3. exd5 cxd5 4. Nf3 Nc6 5. c3 Bg4 6. Bf4 Nf6 7. Nbd2 e6 8.
Bd3 Bd6 9. Bxd6 Qxd6 10. h3 Bxf3 11. Nxf3 O-O 12. O-O Rab8 13. a4 Rfc8 14. Qe2
Qc7 15. Rfe1 Na5 16. Ne5 Nc4 17. f4 b5 18. axb5 Rxb5 19. b4 a5 20. Bxc4 dxc4
21. Rxa5 Rxa5 22. bxa5 Qxa5 23. Nxf7 Rc7 24. Nd6 Re7 25. Qxc4 Qd5 26. Qc8+ Ne8
27. Nxe8 Kf7 28. Nc7 Qc6 29. Rxe6 Qxc7 30. Rxe7+ Qxe7 31. Qf5+ Kg8 32. Qd5+
Kf8 33. Qc5 Qxc5 34. dxc5 Ke7 35. Kf2 Ke6 36. Ke3 Kd5 37. c6 Kxc6 38. Kd4 Kd6
39. f5 h6 40. g4 Ke7 41. Ke5 Kd7 42. c4 Ke7 43. c5 Kd7 44. c6+ Kxc6 45. Ke6
Kc7 46. Kf7 {#r} 1-0

[Event "Intermat 33rd"]
[Site "Redmond"]
[Date "2024.04.20"]
[Round "2.19"]
[White "Yu, Ryan Bole"]
[Black "Min, Ryan"]
[Result "0-1"]
[WhiteElo "1791"]
[BlackElo "2163"]
[EventType "team-match"]
[EventRounds "2"]
[EventCountry "USA"]

1. d4 Nf6 2. Nc3 d5 3. Bf4 g6 4. e3 Bg7 5. h4 h5 6. Qd2 O-O 7. Be2 c5 8. O-O-O
cxd4 9. exd4 Nc6 10. Bh6 Bf5 11. Bxg7 Kxg7 12. a3 a6 13. f3 b5 14. g4 Be6 15.
Nh3 b4 16. axb4 Nxb4 17. Nf4 Qa5 18. Kb1 Rfc8 19. Nxe6+ fxe6 20. Rdg1 Na2 21.
Ne4 Nb4 22. Nc3 hxg4 23. h5 gxh5 24. Bd3 Nxd3 25. Qxd3 Rab8 26. Kc1 Qa1+ 27.
Kd2 Qxb2 28. fxg4 Rxc3 29. gxh5+ Kh8 30. Qg6 Ne4+ 31. Ke1 Qc1+ {#R} 0-1

[Event "Intermat 33rd"]
[Site "Redmond"]
[Date "2024.04.20"]
[Round "2.20"]
[White "Xu, Joey"]
[Black "Anandkumar, Haituka"]
[Result "1/2-1/2"]
[WhiteElo "1782"]
[BlackElo "1579"]
[EventType "team-match"]
[EventRounds "2"]
[EventCountry "USA"]

1. b3 e5 2. Bb2 Nc6 3. e3 d5 4. Bb5 Bd6 5. f4 Qe7 6. Nf3 Bg4 7. fxe5 Bxe5 8.
Bxe5 Bxf3 9. Qxf3 Qxe5 10. d4 Qe6 11. O-O Nf6 12. c4 O-O 13. Nd2 Nb4 14. cxd5
Nfxd5 15. e4 Qb6 16. exd5 Qxb5 17. Rac1 Qxd5 18. Qg4 Nc6 19. Nf3 Qd6 {#d}
1/2-1/2

[Event "Intermat 33rd"]
[Site "Redmond"]
[Date "2024.04.20"]
[Round "2.21"]
[White "Mueller, Maximilian"]
[Black "Wirkkala, Zane"]
[Result "1-0"]
[WhiteElo "1997"]
[BlackElo "1657"]
[EventType "team-match"]
[EventRounds "2"]
[EventCountry "USA"]

1. e4 c5 2. Nf3 Nc6 3. Bb5 e6 4. O-O Nge7 5. Re1 a6 6. Bf1 Ng6 7. c3 Be7 8. d4
cxd4 9. cxd4 d5 10. exd5 exd5 11. Ne5 Qc7 12. Nc3 Be6 13. g3 Ngxe5 14. dxe5
Rd8 15. f4 Bc5+ 16. Kh1 d4 17. Ne4 Bd5 18. Bg2 Be7 19. Nd6+ Rxd6 20. exd6 Qxd6
21. Bd2 O-O 22. Qh5 f5 23. Qe2 Bf6 24. Qd3 g6 25. b3 Rd8 26. Re2 Kf7 27. Rc1
Rd7 28. Kg1 Bxg2 29. Kxg2 Re7 30. Qc4+ Kg7 31. Rce1 b5 32. Rxe7+ Bxe7 33. Qe6
a5 34. Qxd6 Bxd6 35. Re6 Bb4 36. Rxc6 Bxd2 37. Rb6 b4 38. Rb5 Bc3 39. Rxa5 d3
40. Rd5 d2 41. Kf2 h6 42. Ke2 Kf6 43. Rd6+ Kf7 44. Rc6 h5 45. a4 bxa3 {#r} 1-0

[Event "Intermat 33rd"]
[Site "Redmond"]
[Date "2024.04.20"]
[Round "2.22"]
[White "Leong, Aiden"]
[Black "Siddem, Sid"]
[Result "1-0"]
[WhiteElo "2059"]
[BlackElo "1575"]
[EventType "team-match"]
[EventRounds "2"]
[EventCountry "USA"]

1. Nf3 Nf6 2. g3 g6 3. b3 Bg7 4. Bb2 d6 5. d4 c6 6. Bg2 O-O 7. O-O Bf5 8. c4
Nbd7 9. Nbd2 Qc7 10. Ne1 Nb6 11. e4 Bd7 12. d5 e5 13. Rc1 c5 14. Nd3 a5 15. a4
Nc8 16. h3 Ne8 17. f4 f5 18. fxe5 dxe5 19. Qe2 f4 20. gxf4 exf4 21. Bxg7 Nxg7
22. e5 Nh5 23. Ne4 Bf5 24. Rfe1 Ng3 25. Nxg3 Bxd3 26. Qxd3 fxg3 27. Qxg3 Nb6
28. Rcd1 Rae8 29. Qc3 Qg7 30. Qxa5 Nd7 31. e6 Qb2 32. exd7 Qf2+ 33. Kh1 {#r}
1-0

[Event "Intermat 33rd"]
[Site "Redmond"]
[Date "2024.04.20"]
[Round "2.23"]
[White "Jiang, Kate"]
[Black "Joshi, Atharva"]
[Result "1-0"]
[WhiteElo "2092"]
[BlackElo "1799"]
[EventType "team-match"]
[EventRounds "2"]
[EventCountry "USA"]

1. e4 e5 2. Bc4 Nf6 3. d3 Nc6 4. a3 Bc5 5. Nc3 d6 6. h3 O-O 7. Bg5 h6 8. Bh4
Be6 9. Nd5 Bxd5 10. Bxd5 Qe7 11. Ne2 Nd8 12. Ng3 Ne6 13. Nf5 Qd8 14. Qf3 Nd4
15. Nxd4 Bxd4 16. c3 Bb6 17. Bxb7 Rb8 18. Bc6 Qe7 19. g4 g5 20. Bg3 Rbd8 21.
h4 Kg7 22. hxg5 hxg5 23. Qf5 Rg8 24. Qxg5+ Kf8 25. Qh6+ Rg7 26. Bh4 Bxf2+ 27.
Bxf2 Nxg4 28. Qh8+ Rg8 29. Qh3 Qg5 30. Bh4 Qf4 31. Rf1 Qh6 32. Ke2 Rb8 33. b4
Rg7 34. Rf3 Qg6 35. Raf1 Nh6 36. Bf6 Rh7 37. Rg3 {#r} 1-0

[Event "Intermat 33rd"]
[Site "Redmond"]
[Date "2024.04.20"]
[Round "2.24"]
[White "Qin, Kaiqi"]
[Black "Maurer, Sam"]
[Result "1-0"]
[WhiteElo "2147"]
[BlackElo "1766"]
[EventType "team-match"]
[EventRounds "2"]
[EventCountry "USA"]

1. e4 Nf6 2. e5 Nd5 3. d4 d6 4. exd6 cxd6 5. Nf3 g6 6. h3 Bg7 7. Bc4 Nb6 8.
Bb3 O-O 9. O-O e5 10. Re1 Nc6 11. c3 a5 12. a4 Bf5 13. Bg5 Qd7 14. Na3 e4 15.
Nh4 d5 16. Nxf5 gxf5 17. h4 Kh8 18. Qd2 Rg8 19. Nb5 Bf8 20. Bf6+ Bg7 21. Bg5
Nd8 22. g3 Ne6 23. Bf4 Bf6 24. Kf1 Rg4 25. Bd1 Rg7 26. Bh6 Rg6 27. b3 Rag8 28.
Bh5 Rxg3 29. fxg3 Rxg3 30. Re3 f4 31. Rxg3 fxg3 32. Kg2 Bxh4 33. Rf1 f6 34.
Bg4 Qe7 35. Bxe6 Qxe6 36. Qf4 {#r} 1-0